Asomar loka sanskriti (Record no. 2499)

MARC details
000 -LEADER
fixed length control field 00489cam a2200193ua 4500
001 - CONTROL NUMBER
control field 2650
005 - DATE AND TIME OF LATEST TRANSACTION
control field 20260515113536.0
008 - FIXED-LENGTH DATA ELEMENTS--GENERAL INFORMATION
fixed length control field 110901n ii |||gr||||Z||||||asm
040 ## - CATALOGING SOURCE
Transcribing agency MAIN
082 ## - DEWEY DECIMAL CLASSIFICATION NUMBER
Classification number 398.054162
100 1# - MAIN ENTRY--PERSONAL NAME
Personal name Bardoloi, Nirmal Prabha,
Relator term Author.
245 11 - TITLE STATEMENT
Title Asomar loka sanskriti
Statement of responsibility, etc. by Nirmal Prabha Bardoloi
250 ## - EDITION STATEMENT
Edition statement 2nd.
260 ## - PUBLICATION, DISTRIBUTION, ETC.
Place of publication, distribution, etc. Guahati:
Name of publisher, distributor, etc. Bina Library,983.
300 ## - PHYSICAL DESCRIPTION
Extent 265p:
Dimensions 23cm.
653 ## - INDEX TERM--UNCONTROLLED
Uncontrolled term Folklore
653 ## - INDEX TERM--UNCONTROLLED
Uncontrolled term Asomar loka sanskriti
942 ## - ADDED ENTRY ELEMENTS (KOHA)
Koha item type Books
Holdings
Withdrawn status Lost status Damaged status Not for loan Home library Current library Shelving location Date acquired Total checkouts Full call number Barcode Date last seen Copy number Price effective from Koha item type
        Naharkatiya College Library Naharkatiya College Library General stacks 09/19/2020   398.054162 | BAR 7602 09/19/2020 1 09/19/2020 Books